Matematika pre prvý ročník základných škôl : zošit pre učiteľa : pre každého prváka

Bibliographic Details
Main Authors: Černek, Pavol, 1952- (Author), Repáš, Vladimír (Author), Černeková, Anna (Author)
Other Authors: Kolačková, Jarka, 1953- (Illustrator)
Format: Book
Language:Slovak
PhysicalDescription:64 s. ilustr. 21 cm
Published: Bratislava Orbis Pictus Istropolitana 2017
ISBN:9788081205088
Subjects:

MARC

LEADER 00000cam a2200000 a 4500
001 vtls011715943
003 SK-MaSNL
005 20260302020329.0
008 240318s2017 xo a f pf 000 0 slo
015 |a SNBA2017/11 
020 |a 9788081205088  |q (brož.) 
035 |a urn:nbn:sk:snk-am00czvr 
035 |a urn:nbn:sk:snk-am3hgvl 
035 |a BF48766C-58D2-4FE3-8863-7F6FD41E42FC 
040 |a SNK  |b slo  |c SNK  |e AACR2 
041 0 |a slo 
044 |a xo  |c SK 
072 7 |a 51  |x Matematika  |2 konspekt 
072 7 |a 373.2/.3  |x Predškolská a primárna výchova a vzdelávanie  |2 konspekt 
080 |a 51  |2 2011 
080 |a (075.2)  |2 2011 
080 |a (072)  |2 2011 
100 1 |a Černek, Pavol,  |d 1952-  |4 aut  |9 7554 
245 1 0 |a Matematika  |b pre prvý ročník základných škôl : zošit pre učiteľa : pre každého prváka  |c [Pavol Černek, Vladimír Repáš, Anna Černeková ; ilustrovala Jaroslava Kolačková] 
246 3 0 |a Zošit pre učiteľa 
246 3 2 |a Matematika pre každého prváka 
246 3 3 |a Matematika 1 
260 |a Bratislava  |b Orbis Pictus Istropolitana  |c 2017 
300 |a 64 s.  |b ilustr.  |c 21 cm 
500 |a Údaje o autoroch z tiráže 
650 0 7 |a matematika  |2 SNKPH  |9 70174 
650 0 7 |a Mathematics  |2 SNKPHeng  |9 265620 
655 7 |a učebnice základných škôl  |2 SNKPH  |9 70187 
655 7 |a metodické príručky  |2 SNKPH  |9 70250 
655 7 |a Textbooks (elementary)  |2 SNKPHeng  |9 276977 
655 7 |a Methodological manuals  |2 SNKPHeng  |9 270866 
700 1 |a Repáš, Vladimír  |4 aut  |9 213413 
700 1 |a Černeková, Anna  |4 aut  |9 43273 
700 1 |a Kolačková, Jarka,  |d 1953-  |4 ill  |9 8415 
852 |a Štátna vedecká knižnica v Banskej Bystrici 
919 |a 978-80-8120-508-8 
999 |c 1024706  |d 1026636 
952 |a SNK  |b SNK  |y PREZ  |7 0  |p 17A1273959  |o snkSC 176598  |i snk2017/22990  |8 0  |0 0  |1 0  |4 0  |d 2017-10-19  |f 1  |l 0  |r 2025-09-18 00:00:00  |w 2026-02-24 
952 |a SNK  |b SNK  |y VYP  |7 0  |p 17A1273960  |o snkSC 176598 D1  |i snk2017/22991  |8 0  |0 0  |1 0  |4 0  |d 2017-10-19  |l 0  |r 2026-02-24 13:35:28  |w 2026-02-24